000 005820000a22001810004500
003 MACL
005 20160421162816.0
008 160421b xxu||||| |||| 00| 0 eng d
040 _aMACL
_cMACL
041 _aHindi
082 _a800
100 _aकौशिक हेमराज
_953253
245 _aयशपाल का साहित्‍य सृजन के विविध आयाम
260 _bशिखर प्रकाशन
_c2009
_aनई दिल्‍ली
350 _a200
650 _aरचनावली
_9163
942 _cHIN
_k800/KAU
_2ddc
999 _c44962
_d44962